000 00742cam a2200157 4500
001 WS108085
008 000000n 000 0 eng u
035 _a(Sirsi) u108085
041 _aeng
110 _aInternational Project Management Association
_93931
245 _aInternational Project Management Association
520 _aThis organisation describes its function as being the 'prime promoter of project management internationally'. It includes details of its publications and of affiliated organisations around the world. Also links to its journal 'International Journal of Project management'.
690 _aProject management
_96261
856 4 0 _uhttps://www.ipma.ch
_zView the website free of charge at www.ipma.ch...
942 _n0
999 _c119619
_d119619